|
|
|
|
| LEADER |
00000nam0a2200000 4500 |
| 001 |
208244 |
| 005 |
20231101225442.0 |
| 010 |
|
|
|a 9785222189702
|
| 035 |
|
|
|a (RuTPU)RU\TPU\book\227321
|
| 090 |
|
|
|a 208244
|
| 100 |
|
|
|a 20120201d2012 m y0rusy50 ca
|
| 101 |
0 |
|
|a rus
|
| 102 |
|
|
|a RU
|
| 105 |
|
|
|a y j 001zy
|
| 200 |
1 |
|
|a Бухгалтерский учет
|e учебное пособие для вузов
|f Н. А. Бреславцева, Н. В. Михайлова, О. Н. Гончаренко
|
| 210 |
|
|
|a Ростов-на-Дону
|c Феникс
|d 2012
|
| 215 |
|
|
|a 318 с.
|
| 225 |
1 |
|
|a Высшее образование
|
| 320 |
|
|
|a Библиогр.: с. 288-289.
|
| 320 |
|
|
|a Словарь терминов: с. 302-316.
|
| 330 |
|
|
|a Учебное пособие содержит краткое содержание теоретического курса «Бухгалтерский учет», практические ситуации и задачи по организации учетной работы предприятия, а также тесты для контроля и оценки знаний студентов. Весь материал разработан в соответствии с действующим планом счетов и международными стандартами, определяющими учетную политику организации. Рекомендовано для студентов специальностей 080109.65 «Бухгалтерский учет, анализ и аудит», 080501.65 «Финансы и кредит», 080507.65 «Менеджмент организации», 080502.65 «Экономика и управление на предприятии (сферы быта и услуг)» и направлений 080100.62 «Экономика», 080200.62 «Менеджмент» 100100.62 «Сервис» очной и заочной форм обучения.
|
| 606 |
1 |
|
|a Бухгалтерский учет
|2 stltpush
|3 (RuTPU)RU\TPU\subj\30744
|9 53805
|
| 610 |
1 |
|
|a методология
|
| 610 |
1 |
|
|a бухгалтерские формы
|
| 610 |
1 |
|
|a бухгалтерский баланс
|
| 610 |
1 |
|
|a учетная политика
|
| 610 |
1 |
|
|a основные средства
|
| 610 |
1 |
|
|a нематериальные активы
|
| 610 |
1 |
|
|a материально-производственные запасы
|
| 610 |
1 |
|
|a денежные средства
|
| 610 |
1 |
|
|a обязательства
|
| 610 |
1 |
|
|a расчеты
|
| 610 |
1 |
|
|a оплата труда
|
| 610 |
1 |
|
|a готовая продукция
|
| 610 |
1 |
|
|a финансовые результаты
|
| 610 |
1 |
|
|a собственный капитал
|
| 610 |
1 |
|
|a заемные средства
|
| 610 |
1 |
|
|a целевое финансирование
|
| 610 |
1 |
|
|a финансовая отчетность
|
| 610 |
1 |
|
|a налоговый учет
|
| 610 |
1 |
|
|a тесты
|
| 610 |
1 |
|
|a учебные пособия
|
| 675 |
|
|
|a 657.22(075.8)
|v 3
|
| 700 |
|
1 |
|a Бреславцева
|b Н. А.
|g Нина Александровна
|
| 701 |
|
1 |
|a Михайлова
|b Н. В.
|g Наталья Викторовна
|
| 701 |
|
1 |
|a Гончаренко
|b О. Н.
|g Ольга Николаевна
|
| 801 |
|
1 |
|a RU
|b 63413507
|c 20120201
|
| 801 |
|
2 |
|a RU
|b 63413507
|c 20150706
|g RCR
|
| 900 |
|
|
|a Бухгалтерский учет
|
| 942 |
|
|
|c BK
|
| 951 |
|
|
|b 080100 Экономика
|b 080109 Бухгалтерский учет, анализ и аудит
|
| 959 |
|
|
|a 12/20120201
|d 2
|e 277,20
|f ЧЗГЛ:1
|f АНЛ:1
|